Normal view
MARC view
- Water quality management library ;
Entry Uniform Title
001 - CONTROL NUMBER
- control field: 5873
003 - CONTROL NUMBER IDENTIFIER
- control field: NUST
005 - DATE AND TIME OF LATEST TRANSACTION
- control field: 20171102125450.0
008 - FIXED-LENGTH DATA ELEMENTS
- fixed length control field: 171102|| aca||aabn | a|a d
040 ## - CATALOGING SOURCE
- Original cataloging agency: NUST
- Transcribing agency: NUST
130 ## - HEADING--UNIFORM TITLE
- Uniform title: Water quality management library ;
- Form subdivision: v. 11
670 ## - SOURCE DATA FOUND
- Source citation: Work cat.: (NUST)0: Mueller, James A. 5872, Aeration :, c2002.
